LEADER 01123nam a2200265 4500 001 000000345233 003 CaOOAMICUS 005 20210406123100.0 008 210406s2020 it 000 u ita r 020 $a978-88-420-9846-1 040 $aSeMil$bita 100 1 $aSalvarani, Brunetto,$d<1956- >.$0(OLS)http://semarc/name/18654 245 10$aDopo :$ble religioni e l'aldilą /$cBrunetto Salvarani. 264 1$aRoma ;$aBari :$bGLF editori Laterza,$c2020. 300 $aXXII, 196 p. ;$c21 cm 490 1 $aI Robinson. Letture 650 4$aMorte - Aspetti religiosi.$0(OLS)http://semarc/subject/42376 650 4$aAldilą.$0(OLS)http://semarc/subject/8152 830 2$aI Robinson. Letture.$0(OLS)http://semarc/title/10756 850 $aSeMil 852 $aSeMil$W1$xVenegono$y1$m2X III 369$j225291$B236303$CSeMilBibl$Z2$F236303 $81 996 $6020$a978-88-420-9846-1$9(OLS)http://semarc/number/291983 996 $6245$aDopo :$ble religioni e l'aldilą$9(OLS)http://semarc/title/434355 996 $6264$aRoma ;$aBari :$bGLF editori Laterza$9(OLS)http://semarc/publisher/37788 LEADER 00919nas a2200217 i 4500 001 000000017846 003 CaOOAMICUS 005 20221223100424.0 008 180830c20069999it zx u0 z|ita u 040 $aSeMil$bita 245 10$aIdee. Economia$h[generale di collana] /$ccollana diretta da Luigino Bruni. 264 1$aRoma :$bCittą Nuova,$c2006- 300 $av. ;$c20 cm. 362 0 $a1(2006)- 700 1 $aBruni, Luigino,$d<1966- >.$0(OLS)http://semarc/name/5214 830 0$aIdee. Economia.$0(OLS)http://semarc/title/23587 850 $aSeMil 852 $aSeMil$W1$xVenegono$y1$mVedi "Titolo uniforme di collana" per le collocazioni dei singoli volumi$j222888$qSottoscrizione meritevole$B243773$CSeMilBibl$Z2$F243773 $81 996 $6245$aIdee. Economia$h[generale di collana]$9(OLS)http://semarc/title/23588 996 $6264$aRoma :$bCittą Nuova$9(OLS)http://semarc/publisher/29609